Central Library OPAC University of Rajshahi

Liquid-liquid extraction : (Record no. 10964)

MARC details
000 -LEADER
fixed length control field 00771cam a22002652 4500
001 - CONTROL NUMBER
control field 10964
003 - CONTROL NUMBER IDENTIFIER
rucl marc code BD-RjUL
005 - DATE AND TIME OF LATEST TRANSACTION
control field 20211208235039.0
008 - FIXED-LENGTH DATA ELEMENTS--GENERAL INFORMATION
fixed length control field 140125s1959 vp a 001 0 eng
035 ## - SYSTEM CONTROL NUMBER
System control number (BD-RjUL)11013
040 ## - CATALOGING SOURCE
Original cataloging agency DLC
Transcribing agency TJC
Modifying agency BD-RjUL
Language of cataloging eng
041 ## - LANGUAGE CODE
Language code of text/sound track or separate title eng
082 04 - DEWEY DECIMAL CLASSIFICATION NUMBER
Classification number 542.6
Edition number 18
Author mark and year ALL 1959
100 1# - MAIN ENTRY--PERSONAL NAME
Personal name Alders, L.
9 (RLIN) 33885
245 10 - TITLE STATEMENT
Title Liquid-liquid extraction :
Remainder of title theory and laboratory practice /
Statement of responsibility, etc. L. Alders.
250 ## - EDITION STATEMENT
Edition statement 2d rev. ed.
260 ## - PUBLICATION, DISTRIBUTION, ETC. (IMPRINT)
Place of publication, distribution, etc. Amsterdam ;
-- New York :
Name of publisher, distributor, etc. Elsevier Pub. Co.,
Date of publication, distribution, etc. 1959.
300 ## - PHYSICAL DESCRIPTION
Pagination 209 p. :
Illustrations illus. ;
Size 24 cm.
504 ## - BIBLIOGRAPHY, ETC. NOTE
Bibliography, etc Includes bibliography and index.
650 #0 - SUBJECT ADDED ENTRY--TOPICAL TERM
Topical term or geographic name as entry element Extraction (Chemistry).
9 (RLIN) 29686
Topical term or geographic name as entry element Liquids.
9 (RLIN) 33886
942 ## - ADDED ENTRY ELEMENTS (KOHA)
Source of classification or shelving scheme Dewey Decimal Classification
Koha item type Books
Holdings
Lost status Source of classification or shelving scheme Damaged status Not for loan Collection code Permanent Location Current Location Shelving location Date acquired Source of acquisition Cost, normal purchase price Total Checkouts Full call number Date last seen Copy number Koha item type
  Dewey Decimal Classification     Non-fiction Central Library, University of Rajshahi Central Library, University of Rajshahi   02/08/1971 Zeitlinger 110.00   542.6 ALL 1959 25/01/2014 C-3 Books
  Dewey Decimal Classification   Not For Loan Non-fiction Central Library, University of Rajshahi Central Library, University of Rajshahi Reading Room 02/08/1971 Zeitlinger 110.00   542.6 ALL 1959 15/10/2018 C-1 Books
  Dewey Decimal Classification     Non-fiction Central Library, University of Rajshahi Central Library, University of Rajshahi   24/08/1973 Book centre 104.50   542.6 ALL 1959 15/10/2018 C-2 Books